Monograph of sustainable development

Bibliographic Details
Format: Book
Language:English
Published: Kajang : National Institute of Valuation (INSPEN) 2024

MARC

LEADER 00000cam a2200000 7i4500
001 0000031021
005 20241213.0
008 241213 my a eng
020 |a 9789675312533 
040 |a INS   |b eng   |c INS   |e rda 
245 0 0 |a Monograph of sustainable development 
264 1 |a Kajang :   |b National Institute of Valuation (INSPEN)   |c 2024 
264 4 |c ©2024 
300 |a viii, 115 pages :   |b colour illustrations ;   |c 26 cm. 
336 |a text  |2 rdacontent 
337 |a unmediated  |2 rdamedia 
338 |a volume  |2 rdacarrier 
504 |a Includes bibliographical references 
999 |a 0000024861   |b BOOK   |c Open Shelf   |e Default branch 
999 |a 0000024862   |b BOOK   |c Open Shelf   |e Default branch 
999 |a 0000024863   |b BOOK   |c Open Shelf   |e Default branch 
999 |a 0000024864   |b BOOK   |c Open Shelf   |e Default branch 
999 |a 0000024865   |b BOOK   |c Open Shelf   |e Default branch